家電量販店 店舗数ランキング - Statistics

General Stats
  • This quiz has been taken 355 times
  • The average score is 6 of 15
Answer Stats
順位 店舗名 店舗数 % Correct
2 ケーズデンキ 556
79%
11 ヨドバシカメラ 24
78%
9 ビックカメラ 60
76%
6 コジマ 139
71%
3 エディオン 454
69%
1 ヤマダデンキ 957
67%
5 ジョーシン 218
59%
4 ノジマ 274
58%
7 ベスト電器 119
22%
15 ラオックス 7
9%
8 マツヤデンキ 78
8%
14 ベイシア電器 15
7%
12 デンキチ 22
5%
10 アプライド 26
2%
12 ZOA/OAナガシマ/パソコンの館 22
1%
No matching quizzes found
Score Distribution
Percent of People with Each Score
Percentile by Number Answered
Your Score History
You have not taken this quiz